Detalles MARC
| 000 -LEADER |
| fixed length control field |
03912nam a2200445Ii 4500 |
| 001 - CONTROL NUMBER |
| control field |
DIGANT0271 |
| 003 - CONTROL NUMBER IDENTIFIER |
| control field |
NyNyDIG |
| 006 - FIXED-LENGTH DATA ELEMENTS--ADDITIONAL MATERIAL CHARACTERISTICS |
| fixed length control field |
m o d |
| 007 - PHYSICAL DESCRIPTION FIXED FIELD--GENERAL INFORMATION |
| fixed length control field |
cr ||||||||||| |
| 008 - FIXED-LENGTH DATA ELEMENTS--GENERAL INFORMATION |
| fixed length control field |
120901s2006 sp a ob 000 0 spa d |
| 020 ## - INTERNATIONAL STANDARD BOOK NUMBER |
| Canceled/invalid ISBN |
9788476587898 |
| 020 ## - INTERNATIONAL STANDARD BOOK NUMBER |
| Canceled/invalid ISBN |
8476587899 |
| 035 ## - SYSTEM CONTROL NUMBER |
| System control number |
(OCoLC)888254495 |
| 040 ## - CATALOGING SOURCE |
| Original cataloging agency |
DGITA |
| Language of cataloging |
eng |
| Description conventions |
pn |
| Transcribing agency |
DGITA |
| 043 ## - GEOGRAPHIC AREA CODE |
| Geographic area code |
cl----- |
| 050 14 - LIBRARY OF CONGRESS CALL NUMBER |
| Classification number |
HD8110.5 eBook |
| 245 00 - TITLE STATEMENT |
| Title |
Teorías sociales y estudios del trabajo : |
| Remainder of title |
nuevos enfoques / |
| Statement of responsibility, etc. |
Enrique de la Garza Toledo (coord.) ; Edgar Belmont Cortés ... [et al.]. |
| 250 ## - EDITION STATEMENT |
| Edition statement |
1a. ed. |
| 264 #1 - PRODUCTION, PUBLICATION, DISTRIBUTION, MANUFACTURE, AND COPYRIGHT NOTICE |
| Place of production, publication, distribution, manufacture |
Rubí, Barcelona : |
| Name of producer, publisher, distributor, manufacturer |
Anthropos Editorial ; |
| Place of production, publication, distribution, manufacture |
México D.F.: |
| Name of producer, publisher, distributor, manufacturer |
Universidad Autonóma Metropolitana, Unidad Iztapalapa, División de Ciencias Sociales y Humanidades, |
| Date of production, publication, distribution, manufacture, or copyright notice |
2006. |
| 300 ## - PHYSICAL DESCRIPTION |
| Extent |
1 online resource (412 pages) : |
| Other physical details |
ill. |
| 336 ## - CONTENT TYPE |
| Content type term |
text |
| Content type code |
txt |
| Source |
rdacontent |
| 337 ## - MEDIA TYPE |
| Media type term |
computer |
| Media type code |
c |
| Source |
rdamedia |
| 338 ## - CARRIER TYPE |
| Carrier type term |
online resource |
| Carrier type code |
cr |
| Source |
rdacarrier |
| 490 1# - SERIES STATEMENT |
| Series statement |
Cuadernos A. Temas de innovación social ; |
| Volume/sequential designation |
24 |
| 504 ## - BIBLIOGRAPHY, ETC. NOTE |
| Bibliography, etc. note |
Includes bibliographical references. |
| 505 0# - FORMATTED CONTENTS NOTE |
| Formatted contents note |
De Introducción: del concepto ampliado de trabajo al de sujeto laboral ampliado / Enrique de la Garza Toledo -- 1. Neoinstitucionalismo, ¿alternativa a la elección racional?: una discusión entre la Economía y la Sociología / Enrique de la Garza Toledo -- 2. Roles sociales y acción: los riesgos de la inestabilidad laboral y los avatares de la figura del proveedor / Vania Salles y Miguel Ángel Olivo -- 3. Aportes y limitaciones de la Sociología Económica / María de los Ángeles Pozas -- 4. ¿Estudios Organizacionales en América Latina? Transitando del centro hacia las orillas / Eduardo Ibarra Colado -- 5. Los Estudios Empresariales en América Latina: balance y alternativas de análisis / Marcela Hernández Romo -- 6. El Sector Informal: auxilio u obstáculo para el conocimiento de la realidad social en América Latina / Carlos Salas -- 7. La construcción institucional del mercado en la economía del conocimiento / Mónica Casalet -- 8. Familia, trabajo y sociedad: el caso de México / Mercedes González de la Rocha y Agustín Escobar Latapí -- 9. Evolución conceptual de la Teoría de la Regulación / Julio César Neffa -- 10. Las nuevas Relaciones Industriales / Héctor Lucena -- 11. Trabajo, aprendizaje tecnológico e innovación / Daniel Villavicencio -- 12. Eslabonamientos productivos globales y actores locales: debates y experiencias en América Latina / Martha Novick y Jorge Carrillo 13. La subcontratación laboral en América Latina / Consuelo Iranzo y Marcia de Paula Leite -- 14. Género, proceso de trabajo y flexibilidad laboral en América Latina / María Eugenia de la O y Rocío Guadarrama -- 15. La articulación entre la educación y el trabajo: una construcción social inconclusa / María Antonia Gallart -- 16. El Trabajo en la agricultura: un recuento sobre América Latina / Sara María Lara Flores -- 17. Trabajo, migraciones y producción sociológica reciente en América Latina: un panorama no exhaustivo / Fernando Herrera Lima y Ludger Pries -- 18. Las reformas laborales en América Latina / Graciela Bensusán -- 19. Los sindicatos en la transición: interpretaciones y debates en América Latina / Sergio Sánchez Díaz y Edgar Belmont Cortés -- Autores. |
| 650 #0 - SUBJECT ADDED ENTRY--TOPICAL TERM |
| Topical term or geographic name entry element |
Labor |
| Geographic subdivision |
Latin America. |
| 650 #0 - SUBJECT ADDED ENTRY--TOPICAL TERM |
| Topical term or geographic name entry element |
Working class |
| Geographic subdivision |
Latin America. |
| 650 #0 - SUBJECT ADDED ENTRY--TOPICAL TERM |
| Topical term or geographic name entry element |
Industrial relations |
| Geographic subdivision |
Latin America. |
| 650 #0 - SUBJECT ADDED ENTRY--TOPICAL TERM |
| Topical term or geographic name entry element |
Labor market |
| Geographic subdivision |
Latin America. |
| 655 #0 - INDEX TERM--GENRE/FORM |
| Genre/form data or focus term |
Electronic books. |
| 700 1# - ADDED ENTRY--PERSONAL NAME |
| Personal name |
Garza Toledo, Enrique de la. |
| 700 1# - ADDED ENTRY--PERSONAL NAME |
| Personal name |
Belmont Cortés, Edgar. |
| 791 2# - |
| -- |
Digitalia (Firm), |
| -- |
distributor. |
| 793 0# - |
| -- |
Digitalia eBook Collection: |
| -- |
Anthropos |
| 830 #0 - SERIES ADDED ENTRY--UNIFORM TITLE |
| Uniform title |
Cuadernos A. |
| Name of part/section of a work |
Temas de innovación social ; |
| Volume/sequential designation |
24. |
| 856 40 - ELECTRONIC LOCATION AND ACCESS |
| Materials specified |
Digitalia Hispánica |
| Uniform Resource Identifier |
<a href="https://www.digitaliapublishing.com/a/15573/">https://www.digitaliapublishing.com/a/15573/</a> |
| 910 ## - USER-OPTION DATA (OCLC) |
| User-option data |
Premium Collection: 2007-2012 |
| 942 ## - ADDED ENTRY ELEMENTS (KOHA) |
| Koha item type |
Recurso Electrónico |